banner koha

Rubber tree mini clonal garden: electric conductivity of the nutritional solution in the production of propagules (Registro n. 338655)

MARC details
000 -LÍDER
fixed length control field 05002nab a2200349 4500
003 - CÓDIGO MARC DA AGÊNCIA CATALOGADORA
Campo de controle BR-BrBNA
005 - DATA E HORA DA ÚLTIMA ATUALIZAÇÃO
Campo de controle 20251011230818.0
008 - CAMPO DE TAMANHO FIXO
fixed length control field 251011b2024 bl.ar|pooa||| 00| 0 eng |
040 ## - FONTE DA CATALOGAÇÃO
Agência catalogadora BR-BrBNA
Idioma da catalogação por
072 ## - CATEGORIA AGRIS
Código AGRIS K10 ; F04 ; F06
Código do objeto 2480
100 ## - ENTRADA PRINCIPAL - NOME PESSOAL
Nome pessoal Borelli, Karla
100 ## - ENTRADA PRINCIPAL - NOME PESSOAL
Nome pessoal Rocha, José Henrique Tertulino
100 ## - ENTRADA PRINCIPAL - NOME PESSOAL
Nome pessoal Silva, Magali Ribeiro da
100 ## - ENTRADA PRINCIPAL - NOME PESSOAL
Nome pessoal Scaloppi Junior, Erivaldo José
100 ## - ENTRADA PRINCIPAL - NOME PESSOAL
Nome pessoal Gonçalves, Antonio Natal
100 ## - ENTRADA PRINCIPAL - NOME PESSOAL
Nome pessoal Tecchio, Marco Antonio
245 ## - TÍTULO PRINCIPAL
Título principal Rubber tree mini clonal garden: electric conductivity of the nutritional solution in the production of propagules
500 ## - NOTA GERAL
Nota geral Bibliography p. 13-15 (57 ref.); Summaries (En, Pt); 5 illus.; 4 tables
942 ## - ADDED ENTRY ELEMENTS (KOHA)
Koha item type Analítica
520 ## - NOTA DE RESUMO
Nota de conteúdo ABSTRACT - The rubber tree (Hevea brasiliensis) is an important forest species that yields natural rubber. Traditionally, rubber tree grafts are cultivated in clonal gardens on soil, which necessitates<br/>enormous acreage. However, this approach is not only inefficient in terms of productivity, but it also has nutritional and water control constraints. A tiny clonal garden with a balanced fertilizer treatment is an approach that has previously been employed for other species. To apply this same system to the rubber tree, the goal was to investigate the effects of applying macro and micronutrients via fertigation on the productivity of a mini rubber tree clonal garden, as well as to assess the efficacy of using green stems produced under these conditions in three grafting techniques. Five dosages of macro and micronutrients were administered to grafted rubber tree seedlings (clone ‘RRIM 600’ on ‘GT1’) before transplanting them into plastic pots. A totally randomized design was adopted, with five treatments and ten replications, each with two plants per pot, for a total of twenty plants per treatment. The shoot apex was cut after 105 days, and the green stems measuring more than 20 cm were harvested throughout the course of a year. The number of stems was highest in the months of January to March 2014, after 135 days, reaching 3 green stems per plant-1 per month-1, and productivity increased up to an estimated electrical conductivity of 1.64 mS cm-1. Nutrition was found to boost the output of the rubber tree clonal<br/>mini garden as well as the survival of grafts after grafting. The tiny clonal garden is a potential method for getting more vegetative rubber tree propagules. Keywords: Fertigation; Hevea brasiliensis; Vegetative propagation.
520 ## - NOTA DE RESUMO
Nota de conteúdo RESUMO – A seringueira (Hevea brasiliensis) é uma importante espécie florestal que produz borracha natural. Tradicionalmente, os enxertos de seringueira são produzidos em jardins clonais cultivados em solo, o que demanda grandes áreas. No entanto, este sistema, além de ser pouco eficiente em termos de produtividade, apresenta limitações no controle nutricional e hídrico. Uma alternativa já empregada para outras espécies é a adoção do minijardim clonal com aplicação balanceada de nutrientes. Com<br/>intuito de empregar esse mesmo sistema à seringueira, objetivou-se investigar os efeitos da aplicação de macro e micronutrientes via fertirrigação na produtividade de um minijardim clonal de seringueira e avaliar a eficiência de utilização de hastes verdes produzidas nessas condições em três métodos de enxertia. Para isso, foram aplicadas cinco doses de macro e micronutrientes em mudas enxertadas de seringueira (clone ‘RRIM 600’ sobre ‘GT1’) e transplantadas para vasos plásticos. Foi utilizado delineamento inteiramente casualizado composto por 5 tratamentos e 10 repetições, com duas plantas<br/>por vaso, totalizando 20 plantas por tratamento. Após 105 dias, o ápice caulinar foi removido e as hastes verdes, com comprimento superior a 20 cm, foram colhidas ao longo de um ano. O número de hastes, foi maior nos meses de janeiro a março de 2014, após 135 dias, alcançando 3 hastes verdes planta-1 mês-1 e, constatou-se aumento na produtividade até a condutividade elétrica estimada de 1,64 mS cm-1. Conclui-se que a nutrição aumentou a produtividade do minijardim clonal de seringueira e a sobrevivência dos enxertos após a enxertia. O minijardim clonal representa uma opção promissora para a obtenção de mais propágulos vegetativos de seringueira. Palavras-Chave: Fertirrigação; Hevea<br/>brasiliensis; Propagação vegetativa.
650 ## - ASSUNTO - THESAGRO
Cabeçalho tópico ou nome geográfico HEVEA BRASILIENSIS
650 ## - ASSUNTO - THESAGRO
Cabeçalho tópico ou nome geográfico SERINGUEIRA
650 ## - ASSUNTO - THESAGRO
Cabeçalho tópico ou nome geográfico FERTIRRIGAÇÃO
650 ## - ASSUNTO - THESAGRO
Cabeçalho tópico ou nome geográfico PROPÁGULO
650 ## - ASSUNTO - THESAGRO
Cabeçalho tópico ou nome geográfico PROPAGAÇÃO VEGETATIVA
650 ## - ASSUNTO - THESAGRO
Cabeçalho tópico ou nome geográfico CONDUTIVIDADE ELÉTRICA
650 ## - ASSUNTO - THESAGRO
Cabeçalho tópico ou nome geográfico HASTE
773 0# - ENTRADA ANALÍTICA
Host Biblionumber 812
Registro do item 346931
Imprenta Viçosa-MG Sociedade de Investigações Florestais - Universidade Federal de Viçosa. Depto. de Engenharia Florestal 1977
Outro identificador 2024-7729
Título Revista Árvore (Brazil)
ISSN 0100-6762
Colação v. 48 p. 1-15; (2024)
Número de controle de registro BR2025003823
856 ## - ACESSO E ENDEREÇO ELETRÔNICO
Identificador uniforme de recurso - URI https://www.scielo.br/j/rarv/a/SwCxhrzFmXYXVkL6PJppRvg/?format=pdf&lang=en

Nenhum exemplar disponível.

BINAGRI

Telefone: (61)3218-2567/2388/3357/2097 - binagri@agro.gov.br

Ministério da Agricultura e Pecuária , Esplanada dos Ministérios, Bloco D, Anexo B, Brasília/DF, CEP: 70.043-900